[Event "AUTO-INT-1056"]
[Site "http://www.queenalice.com/game.php?id=471610"]
[Date "2008.10.2"]
[Round "1"]
[White "soul_ring"]
[Black "Archer"]
[Result "0-1"]
[WhiteElo "1556"]
[BlackElo "1602"]

1. Nf3 d5 2. d4 Bf5 3. Nh4 Nh6 4. Nxf5 Nxf5 5. g3 e6 6. Bg2 Nc6 7. c3 Qf6 8. O-O
O-O-O 9. Qa4 h5 10. Na3 a6 11. h4 Bd6 0-1

[Event "AUTO-INT-1056"]
[Site "http://www.queenalice.com/game.php?id=471611"]
[Date "2008.10.2"]
[Round "1"]
[White "Archer"]
[Black "soul_ring"]
[Result "1-0"]
[WhiteElo "1616"]
[BlackElo "1517"]

1. e4 c6 2. Nf3 d5 3. e5 Bg4 4. Be2 Nd7 5. h3 Bh5 6. g4 Bg6 7. O-O e6 8. d4 Bb4
9. Bd2 Qb6 10. c3 Be7 11. b4 f6 12. a4 1-0

[Event "AUTO-INT-1056"]
[Site "http://www.queenalice.com/game.php?id=471612"]
[Date "2008.10.2"]
[Round "1"]
[White "soul_ring"]
[Black "flopp"]
[Result "0-1"]
[WhiteElo "1386"]
[BlackElo "1822"]

1. d4 d5 2. Nf3 c6 3. e3 Bg4 4. c3 Nd7 5. Bd3 Ngf6 6. Nbd2 e5 7. dxe5 Nxe5 8.
Bc2 Bd6 9. O-O O-O 10. h3 Bh5 11. g4 Bg6 12. Nxe5 Re8 13. Nxg6 hxg6 14. Nf3 Ne4
15. Bxe4 dxe4 16. Nd2 f5 17. Qb3+ Kh7 18. Qxb7 Qh4 19. f3 Qxh3 20. f4 Qxg4+ 21.
Kf2 Qh4+ 22. Ke2 Qg4+ 23. Ke1 Qg3+ 24. Kd1 Qg4+ 0-1

[Event "AUTO-INT-1056"]
[Site "http://www.queenalice.com/game.php?id=471613"]
[Date "2008.10.2"]
[Round "1"]
[White "flopp"]
[Black "soul_ring"]
[Result "1-0"]
[WhiteElo "1782"]
[BlackElo "1408"]

1. e4 c5 2. Nf3 Nc6 3. d4 cxd4 4. Nxd4 Nf6 5. Nc3 g6 6. Be2 Bg7 7. Be3 d6 8. Qd2
a6 9. Rd1 Ng4 10. f3 Nxe3 11. Qxe3 O-O 12. Nxc6 bxc6 13. O-O Rb8 14. b3 Qa5 15.
Na4 c5 16. Bc4 Bd4 17. Rxd4 cxd4 18. Qxd4 Bd7 19. Nc3 Rfc8 20. Nd5 Re8 21. Qa7
e6 22. Nf6+ Kg7 23. Nxe8+ 1-0

[Event "AUTO-INT-1101"]
[Site "http://www.queenalice.com/game.php?id=492185"]
[Date "2008.11.12"]
[Round "1"]
[White "bigbem"]
[Black "soul_ring"]
[Result "0-1"]
[WhiteElo "1543"]
[BlackElo "1454"]

1. e4 c5 2. Bc4 Nc6 3. Nf3 e6 4. O-O d6 5. Nc3 Nf6 6. d4 cxd4 7. Nxd4 Be7 8.
Nxc6 bxc6 9. Bg5 O-O 10. Qf3 Rb8 11. b3 d5 12. exd5 cxd5 13. Bd3 Bb7 14. Qf4 Re8
15. Qh4 h6 16. Bxf6 Bxf6 17. Qb4 Ba6 18. Qc5 Bxd3 19. cxd3 Rc8 20. Qxa7 Rxc3 21.
Rac1 Qe7 22. Qxe7 Rxe7 23. Rxc3 Bxc3 24. Rc1 d4 25. a4 Kf8 26. h4 e5 27. f3 g5
28. h5 f5 29. Rb1 Rb7 30. g4 Kf7 31. gxf5 Kf6 32. b4 Rxb4 33. Rc1 Rxa4 34. Kg2
Kxf5 35. Kg3 Ra1 36. Rc2 Rg1+ 37. Kh2 Rb1 38. Kh3 Kf4 39. Ra2 Kxf3 40. Ra6 Rh1#
0-1

[Event "AUTO-INT-1101"]
[Site "http://www.queenalice.com/game.php?id=492186"]
[Date "2008.11.12"]
[Round "1"]
[White "soul_ring"]
[Black "bigbem"]
[Result "1-0"]
[WhiteElo "1386"]
[BlackElo "1553"]

1. d4 d5 2. Nf3 Nc6 3. e3 Bg4 4. c4 dxc4 5. Bxc4 Bxf3 6. Qxf3 f6 7. Bb5 Qd7 8.
d5 a6 9. dxc6 Qd8 10. cxb7+ Kf7 11. bxa8=Q 1-0

[Event "AUTO-INT-1101"]
[Site "http://www.queenalice.com/game.php?id=492204"]
[Date "2008.11.12"]
[Round "1"]
[White "soul_ring"]
[Black "fernandobecker"]
[Result "1-0"]
[WhiteElo "1409"]
[BlackElo "1543"]

1. d4 Nf6 2. Nf3 e6 3. e3 a6 4. Bd3 d5 5. c3 b5 6. Nbd2 Bd6 7. O-O Ng4 8. Qc2 h5
9. e4 Nxh2 10. Nxh2 Bxh2+ 11. Kxh2 Qh4+ 12. Kg1 g5 13. Nf3 g4 14. Nxh4 1-0

[Event "AUTO-INT-1104"]
[Site "http://www.queenalice.com/game.php?id=493778"]
[Date "2008.11.15"]
[Round "1"]
[White "soul_ring"]
[Black "demonsword"]
[Result "0-1"]
[WhiteElo "1497"]
[BlackElo "1630"]

1. c4 d5 2. cxd5 Qxd5 3. Nc3 Qc6 4. e4 a6 5. Nf3 b5 6. Qb3 Be6 7. Nd5 Nd7 8. Nd4
Qc5 9. Nxe6 fxe6 10. d4 Qc6 11. Qc3 Qxc3+ 12. Nxc3 O-O-O 13. Be2 e5 14. d5 c5
15. O-O h6 16. Be3 Ngf6 17. f3 g5 18. b3 b4 19. Bxa6+ Kb8 20. Na4 Ka7 21. Bb5 e6
22. dxe6 Nb6 23. Nxc5 Bxc5 24. Bxc5 Ne8 25. a4 Rh7 26. Rfd1 Rc8 27. Rd7+ Rxd7
28. Bxb6+ Kxb6 29. exd7 Nd6 0-1

[Event "AUTO-INT-1104"]
[Site "http://www.queenalice.com/game.php?id=493779"]
[Date "2008.11.15"]
[Round "1"]
[White "demonsword"]
[Black "soul_ring"]
[Result "1-0"]
[WhiteElo "1649"]
[BlackElo "1529"]

1. d4 Nf6 2. Nc3 e6 3. d5 Bb4 4. Bd2 exd5 5. a3 Be7 6. Nf3 O-O 7. b4 Ne4 8. e3
Nc6 9. Nxd5 d6 10. c3 Bg4 11. h3 Bxf3 12. Qxf3 Nxd2 13. Kxd2 Bg5 14. Bd3 Ne5 15.
Qe4 Nxd3 16. Qxd3 Re8 17. h4 Bh6 18. c4 Qd7 19. f4 c6 20. Nc3 Qg4 21. Rag1 Rad8
22. Ne4 Qe6 23. Ng5 Bxg5 24. hxg5 Re7 25. Qxh7+ 1-0

[Event "AUTO-OPEN-1394"]
[Site "http://www.queenalice.com/game.php?id=518870"]
[Date "2009.1.7"]
[Round "1"]
[White "Hermano"]
[Black "soul_ring"]
[Result "1-0"]
[WhiteElo "1853"]
[BlackElo "1501"]

1. e4 c6 2. Nf3 d5 3. e5 e6 4. c3 Nd7 5. d4 c5 6. b3 cxd4 7. Nxd4 Nxe5 8. Bb2
Bc5 9. Bb5+ Bd7 10. Bxd7+ Qxd7 11. h3 Nf6 12. O-O O-O 13. Na3 a6 14. Re1 Bxd4
15. Qxd4 Nc6 16. Qf4 Rad8 17. Rad1 Qe7 18. c4 Nb4 19. Bxf6 Qxf6 20. Qxf6 gxf6
21. cxd5 Rxd5 22. Rxd5 exd5 23. Re7 Rb8 24. Rd7 Kf8 25. Nb1 Ke8 26. Rd6 Ke7 27.
Rb6 Nxa2 28. Nd2 Nc3 29. Nf3 Ne4 30. Nd4 Kf8 31. f3 Nc5 32. Rxf6 Rd8 33. b4 Nd7
34. Rf5 Nb6 35. Ne6+ Ke7 36. Nxd8 Kxd8 37. Rxf7 1-0

[Event "AUTO-OPEN-1394"]
[Site "http://www.queenalice.com/game.php?id=518871"]
[Date "2009.1.7"]
[Round "1"]
[White "soul_ring"]
[Black "Hermano"]
[Result "0-1"]
[WhiteElo "1484"]
[BlackElo "1904"]

1. d4 d5 2. Nf3 Nc6 3. e3 Bg4 4. c4 b6 5. Nc3 e6 6. Qa4 Qd6 7. Ne5 Nf6 8. Qxc6+
Qxc6 9. Nxc6 a6 10. cxd5 exd5 11. Bd3 Bd6 12. e4 dxe4 13. Nxe4 Nxe4 14. Bxe4 O-O
15. O-O Rfe8 16. Ne5 Rad8 17. Nc6 Rd7 18. f3 Be6 19. d5 Bc5+ 20. Kh1 Bxd5 21.
Bxd5 Rxd5 22. Bf4 Re2 23. Rae1 Rxe1 24. Rxe1 f6 25. h3 Kf7 26. Bxc7 Rd2 27. Nd8+
Kg6 28. Ne6 Rxb2 29. Nxc5 bxc5 30. a4 c4 31. Rc1 Rb4 32. a5 Kf5 33. Kg1 g5 34.
g4+ Kg6 35. Kf2 h5 36. Ke3 hxg4 37. hxg4 f5 38. Kd4 fxg4 39. fxg4 c3+ 40. Kxc3
Rxg4 41. Kb3 Kh5 42. Rc4 Rg1 43. Rc2 g4 44. Kb4 g3 45. Kc5 Kh4 0-1

[Event "AUTO-OPEN-1394"]
[Site "http://www.queenalice.com/game.php?id=518894"]
[Date "2009.1.7"]
[Round "1"]
[White "alesson"]
[Black "soul_ring"]
[Result "1-0"]
[WhiteElo "1660"]
[BlackElo "1507"]

1. e4 c6 2. d4 d5 3. exd5 cxd5 4. Bb5+ Bd7 5. Bxd7+ Nxd7 6. Qh5 Ngf6 7. Qd1 e6
8. Nf3 Bd6 9. c3 Rc8 10. Qa4 Qb6 11. O-O O-O 12. Bg5 Rc4 13. Qc2 Ne4 14. b3 Rc7
15. Nbd2 Nxc3 16. Qd3 Rfc8 17. Bh4 h6 18. g4 Nb5 19. a4 Rc3 20. Qxb5 Qxb5 21.
axb5 Ra8 22. g5 Bf4 23. gxh6 Bxh6 24. Bg5 Bxg5 25. Nxg5 a6 26. bxa6 bxa6 27. b4
Rd3 28. Rfd1 Rxd4 29. b5 Rg4+ 30. Kh1 Rxg5 31. bxa6 Ra7 32. Nf3 Rf5 33. Kg2 Nc5
34. Nd4 Rg5+ 35. Kf3 Rxa6 36. Rxa6 Nxa6 37. Kf4 Rh5 38. Kg3 Nb4 39. Rb1 Nd3 40.
Rb8+ Kh7 41. h4 e5 42. Nc6 Rf5 43. Ne7 1-0

[Event "AUTO-OPEN-1394"]
[Site "http://www.queenalice.com/game.php?id=518895"]
[Date "2009.1.7"]
[Round "1"]
[White "soul_ring"]
[Black "alesson"]
[Result "0-1"]
[WhiteElo "1518"]
[BlackElo "1649"]

1. d4 c5 2. d5 e5 3. e4 h6 4. Nf3 Qa5+ 5. Bd2 Qb6 6. Bc3 f6 7. Nbd2 g5 8. Nc4
Qc7 9. Be2 h5 10. h4 g4 11. Nfd2 d6 12. f3 b5 13. Ba5 Qg7 14. Ne3 gxf3 15. Bxf3
Qb7 16. Bxh5+ Ke7 17. b4 cxb4 18. Bxb4 a5 19. Ba3 b4 20. Bb2 Qb6 21. Ndc4 Qa7
22. Bg4 Bxg4 23. Qxg4 Nh6 24. Qe6+ Kd8 25. Qxf6+ Qe7 26. Rf1 Qxf6 27. Rxf6 Be7
28. Rg6 Bxh4+ 29. Ke2 Nf7 30. Nxd6 Nxd6 31. Rxd6+ Ke7 32. Re6+ Kd7 33. Bxe5 Rf8
34. Rf1 Rxf1 35. Kxf1 Bg5 36. Nc4 Ra6 37. Nb6+ Kd8 38. Rd6+ Ke7 39. Nc8+ Kf7 40.
Rxa6 Nxa6 41. Nd6+ Ke7 0-1

[Event "AUTO-OPEN-1394"]
[Site "http://www.queenalice.com/game.php?id=518910"]
[Date "2009.1.7"]
[Round "1"]
[White "soul_ring"]
[Black "yanpom"]
[Result "1-0"]
[WhiteElo "1499"]
[BlackElo "1851"]

1. d4 d5 2. Nf3 Nc6 3. g3 Bf5 4. c3 e6 5. Bg2 Be4 6. Nbd2 Bxf3 7. exf3 Nf6 8.
Qb3 Na5 9. Qb5+ Nc6 10. O-O Qc8 11. Nb3 a6 12. Qd3 Be7 13. Bd2 O-O 14. Rfe1 Re8
15. a3 Qd7 16. Re2 h6 17. Rae1 Bd6 18. Be3 e5 19. dxe5 Bxe5 20. Nc5 Qc8 21. Bxh6
gxh6 22. f4 Bd6 23. Nb3 Rxe2 24. Rxe2 Qd7 25. Bxd5 Nxd5 26. Qxd5 Rd8 27. Qh5 Kh7
28. Re4 Ne7 29. Qxf7+ Kh8 30. Re6 Ng8 31. Qg6 Qg7 32. Qe4 b6 33. Nd4 Nf6 34. Qd3
c5 35. Nf5 Bc7 36. Qxa6 Rd1+ 37. Kg2 Qd7 38. Qa8+ Bd8 39. Rxf6 1-0

[Event "AUTO-OPEN-1394"]
[Site "http://www.queenalice.com/game.php?id=518911"]
[Date "2009.1.7"]
[Round "1"]
[White "yanpom"]
[Black "soul_ring"]
[Result "0-1"]
[WhiteElo "1753"]
[BlackElo "1474"]

1. e4 c6 2. d4 d5 3. e5 Bf5 4. Bd3 Bxd3 5. Qxd3 e6 6. Nf3 Nd7 7. Nc3 g6 8. Be3
Bg7 9. O-O Ne7 10. Bg5 O-O 11. Qe3 Rc8 12. Bh6 Nf5 13. Qd2 Bxh6 14. Qe2 a6 15.
h3 Qb6 16. Na4 Nxd4 17. Nxd4 Qxd4 18. Nc3 Qxe5 19. Qxe5 Nxe5 20. Kh1 f5 21. f4
Nc4 22. b3 Nd6 23. Rae1 Ne4 24. Nxe4 fxe4 25. g3 g5 26. fxg5 Rxf1+ 27. Rxf1 Bxg5
28. h4 Be7 29. Kh2 Rf8 0-1

[Event "Challenge"]
[Site "http://www.queenalice.com/game.php?id=535999"]
[Date "2009.2.6"]
[Round "-"]
[White "soul_ring"]
[Black "gilsinho22"]
[Result "0-1"]
[WhiteElo "1482"]
[BlackElo "1611"]

1. d4 d5 2. Nf3 f6 3. e3 Nc6 4. Bb5 a6 5. Bxc6+ bxc6 6. Nc3 Bg4 7. h3 Bxf3 8.
Qxf3 Qd6 9. O-O g5 10. Re1 e5 11. dxe5 Qxe5 12. Qh5+ Kd8 13. Qf7 Bb4 14. Bd2 Bd6
15. g3 Nh6 16. Qh5 Bf8 17. f4 Qf5 18. e4 dxe4 19. Rxe4 Qd7 20. Rd1 Rb8 21. Be3
Bd6 22. Qxh6 Qf7 23. fxg5 Rxb2 0-1

[Event "ABERTO DO BRASIL"]
[Site "http://www.queenalice.com/game.php?id=540180"]
[Date "2009.2.14"]
[Round "2"]
[White "Tecodamara"]
[Black "soul_ring"]
[Result "1-0"]
[WhiteElo "2469"]
[BlackElo "1486"]

1. e4 c6 2. d4 d5 3. Nc3 dxe4 4. Nxe4 Bf5 5. Ng3 Bg6 6. Nf3 Nd7 7. h4 h6 8. h5
Bh7 9. Bd3 Bxd3 10. Qxd3 Ngf6 11. Bd2 e6 12. O-O-O Qc7 13. Kb1 O-O-O 14. c4 Be7
15. Ne4 Nxe4 16. Qxe4 Nf6 17. Qe2 Qb6 18. Ne5 Rhf8 19. Bc3 Nd7 20. d5 Nxe5 21.
Bxe5 exd5 22. cxd5 1-0